000
00319nam a22001457a 4500
003
SGT
082
_a
616.07
_b
BAN
100
_a
BANSAL, RAJPAL
245
_a
PATHOPHYSIOLOGY OF COMMON DISEASES
250
_a
2ND
260
_a
INDIA
_b
BIRLA PUB.
_c
2026
300
_a
624
650
_a
PATHOPHYSIOLOGY
942
_2
ddc
_c
BK
999
_c
33028
_d
33028